• 首页
  • 本馆介绍
  • 公告通知
  • 最新文献
  • 馆藏检索
  • 电子资源
  • 读者导购
  • 参考咨询
  • 我的图书馆
  • 登录
  • 详细信息显示
  • 放入我的书架
  • 预约/预借图书
  • 作者相关作品
  • 分类相关作品
  • 丛书相关作品
  • 出版社相关作品

书目信息

  • 表格格式
  • 工作单格式
  • 卡片格式
题名:
中外园林史
    
 
作者: 陈兴 , 林泰碧 著
分册:  
出版信息: 成都   四川美术出版社  2012
页数: 193页
开本: 26cm
丛书名:
单 册:
中图分类: TU-098.4
科图分类:
主题词: 园林建筑--建筑史--世界--高等学校--教材 , 建筑史
电子资源:
ISBN: 978-7-5410-4896-8
000 01082nam0 2200265 45
001 1355416952
005 20130513110852.60
010    @a978-7-5410-4896-8@dCNY45.00
100    @a20130108d2012 em y0chiy0110 ea
101 0  @achi
102    @aCN@b510000
105    @aa z 000yy
106    @ar
200 1  @a中外园林史@AZhong Wai Yuan Lin Shi@f林泰碧,陈兴著@FLin Tai Bi, Chen Xing Zhu
210    @a成都@c四川美术出版社@d2012
215    @a193页@c图@d26cm
300    @a高等院校艺术设计教材
330    @a本书阐述风景园林的学科常识,演绎东方古典园林、西方园林,介绍近现代园林的产生发展史。全书分为东方古典园林、西亚园林、西方园林、近现代园林等五篇,内容包括:世界园林发展的概况、中国古典园林、日本园林、古希腊园林、古罗马园林、文艺复兴时期园林、英格兰风景园和花园、美国园林、影响近现代园林设计的人物及作品、世界园林的发展趋势等。
606 0  @a园林建筑@x建筑史@y世界@x高等学校@j教材
606 0  @a建筑史
690    @aTU-098.4@v5
701  0 @a陈兴@AChen Xing@4著
701  0 @a林泰碧@ALin Tai Bi@4著
801    @aCN@bTANGWEI@c20130111
905    @b0831174-76@dTU-098.4@e91@f3
    
    中外园林史/林泰碧,陈兴著.-成都:四川美术出版社,2012
    193页:图;26cm
    高等院校艺术设计教材
    
    ISBN 978-7-5410-4896-8:CNY45.00
    本书阐述风景园林的学科常识,演绎东方古典园林、西方园林,介绍近现代园林的产生发展史。全书分为东方古典园林、西亚园林、西方园林、近现代园林等五篇,内容包括:世界园林发展的概况、中国古典园林、日本园林、古希腊园林、古罗马园林、文艺复兴时期园林、英格兰风景园和花园、美国园林、影响近现代园林设计的人物及作品、世界园林的发展趋势等。
●
相关链接 在E读中查询图书 在五车中查询图书 在当当中查询图书 在豆瓣中查询图书


正题名:中外园林史     索取号:TU-098.4/91         预约/预借

序号 登录号 条形码 馆藏地/架位号 状态 备注
1 0831174   208311744   第二样本阅览室/ [索取号:TU-098.4/91] 在馆    
2 0831175   208311753   第三借阅区/ [索取号:TU-098.4/91] 在馆    
3 0831176   208311762   资源管理系资料室/ [索取号:TU-098.4/91] 在馆    
唐山师范学院图书馆 欢迎您!
大连网信软件有限公司© 版权所有